[Event "French Top 12 2013"]
[Site "Haguenau FRA"]
[Date "2013.06.08"]
[Round "10.4"]
[White "Hamdouchi, Hicham"]
[Black "Loiseau, Quentin"]
[Result "1/2-1/2"]
[WhiteTitle "GM"]
[BlackTitle "FM"]
[WhiteElo "2602"]
[BlackElo "2406"]
[WhiteTeam "Clichy-Echecs-92"]
[BlackTeam "C.E. de Rueil Malmaison"]
[WhiteFideId "9000011"]
[BlackFideId "665274"]
[EventDate "2013.05.30"]

1. e4 e5 2. Nf3 Nc6 3. Bb5 a6 4. Ba4 Nf6 5. O-O Bc5 6. d3 b5 7. Bb3 d6 8. a4 Bg4
9. c3 O-O 10. h3 Bxf3 11. Qxf3 Rb8 12. axb5 axb5 13. Rd1 h6 14. Nd2 Nh7 15. Nf1
Bb6 16. Ne3 Ne7 17. d4 Qe8 18. dxe5 dxe5 19. Qg3 Ng5 20. Qxe5 Ng6 21. Qxe8 Rfxe8
22. Nd5 Nxe4 23. Nxb6 Rxb6 24. Ra7 Re7 25. Re1 Rf6 26. f3 Nc5 27. Rxe7 Nxe7 28.
Ra8+ Kh7 29. Bc2+ g6 30. Be3 Ne6 31. Kf2 Nd5 32. Bd2 c5 33. Rb8 Nec7 34. Rb7 Rb6
35. Rxb6 Nxb6 36. Be3 Nc4 37. Bxc5 Nxb2 38. Bd4 Nc4 39. Bd3 Ne6 40. Bf6 Nc5 41.
Bxc4 bxc4 42. Ke3 g5 43. Kd4 Ne6+ 44. Kxc4 Nf4 45. g4 Nxh3 46. Kd4 Nf4 47. c4
Kg6 48. Be5 Ne6+ 49. Ke4 Nc5+ 50. Kd5 Nb3 51. c5 Nxc5 52. Kxc5 h5 53. gxh5+ Kxh5
54. Kd5 f5 55. Ke6 Kg6 56. Bf6 f4 57. Bxg5 Kxg5 58. Ke5 Kg6 59. Kxf4 Kf6 60. Ke4 1/2-1/2

[Event "French Top 12 2013"]
[Site "Haguenau FRA"]
[Date "2013.06.08"]
[Round "10.6"]
[White "Pelletier, Yannick"]
[Black "Dubessay, Bastien"]
[Result "1-0"]
[WhiteTitle "GM"]
[BlackTitle "FM"]
[WhiteElo "2599"]
[BlackElo "2378"]
[WhiteTeam "Clichy-Echecs-92"]
[BlackTeam "C.E. de Rueil Malmaison"]
[WhiteFideId "1301837"]
[BlackFideId "650048"]
[EventDate "2013.05.30"]

1. Nf3 c5 2. c4 Nc6 3. d4 cxd4 4. Nxd4 Nf6 5. Nc3 e6 6. g3 Qb6 7. Ndb5 Ne5 8.
Bg2 a6 9. Na4 Qa5+ 10. Nbc3 Rb8 11. Bf4 d6 12. c5 Nfd7 13. cxd6 b5 14. Nc5 Nc4
15. Bc6 e5 16. Bc1 Bxd6 17. Nxd7 Bxd7 18. Bxd7+ Kxd7 19. O-O b4 20. Ne4 Rb5 21.
Qd3 Rc8 22. Rd1 Rc6 23. b3 Nb6 24. Nxd6 Rd5 25. Nc4 Rxc4 26. Qf5+ Ke7 27. Bg5+ 1-0

[Event "French Top 12 2013"]
[Site "Haguenau FRA"]
[Date "2013.06.08"]
[Round "10.7"]
[White "Debray, Christopher"]
[Black "Delorme, Axel"]
[Result "0-1"]
[WhiteTitle "IM"]
[BlackTitle "IM"]
[WhiteElo "2356"]
[BlackElo "2471"]
[WhiteTeam "C.E. de Rueil Malmaison"]
[BlackTeam "Clichy-Echecs-92"]
[WhiteFideId "630810"]
[BlackFideId "632023"]
[EventDate "2013.05.30"]

1. d4 d5 2. c4 e6 3. Nf3 Nf6 4. Nc3 dxc4 5. e4 Bb4 6. Bxc4 Nxe4 7. O-O Bxc3 8.
bxc3 Nxc3 9. Qb3 Nd5 10. Ba3 f6 11. Rae1 c6 12. Nh4 Kf7 13. Nf5 g6 14. Nd6+ Kg7
15. f4 f5 16. g4 fxg4 17. f5 gxf5 18. Bxd5 cxd5 19. Nxc8 Qxc8 20. Rxf5 exf5 21.
Re7+ Kg6 22. Qxd5 Rf8 23. Qe5 Rf6 24. h4 Nc6 25. h5+ Kxh5 26. Qxf6 Nxe7 27. Bxe7
Qc1+ 28. Kf2 g3+ 29. Ke2 Qc2+ 30. Ke1 Kg4 31. Qh4+ Kf3 32. Qh5+ Kg2 33. Bc5 Qf2+
34. Kd1 Qf3+ 0-1

[Event "French Top 12 2013"]
[Site "Haguenau FRA"]
[Date "2013.06.08"]
[Round "10.8"]
[White "Skripchenko, Almira"]
[Black "Congiu, Mathilde"]
[Result "1-0"]
[WhiteTitle "IM"]
[BlackTitle "WIM"]
[WhiteElo "2430"]
[BlackElo "2230"]
[WhiteTeam "Clichy-Echecs-92"]
[BlackTeam "C.E. de Rueil Malmaison"]
[WhiteFideId "13900145"]
[BlackFideId "634581"]
[EventDate "2013.05.30"]

1. Nf3 Nf6 2. g3 g6 3. Bg2 Bg7 4. O-O O-O 5. d4 d6 6. Nc3 Nc6 7. d5 Ne5 8. Nd4
c5 9. dxc6 Nxc6 10. Nxc6 bxc6 11. Bxc6 Bh3 12. Bg2 Bxg2 13. Kxg2 Rb8 14. Qd3 Qc7
15. Nd1 Nd7 16. c3 Ne5 17. Qe4 e6 18. b3 f5 19. Qa4 Nf7 20. Be3 g5 21. f3 Rb7
22. Rc1 d5 23. Bd2 Qd6 24. Rc2 Rc8 25. Ne3 f4 26. Ng4 h5 27. Nf2 Be5 28. g4 Rbc7
29. Rfc1 Bf6 30. h3 Ne5 31. c4 hxg4 32. hxg4 Ng6 33. Bb4 Qe5 34. Bc3 d4 35. Nd3
Nh4+ 36. Kf1 Qd6 37. Bb4 Qd7 38. Qxd7 Rxd7 39. c5 Rh7 40. c6 Ng6 41. Ke1 Be7 42.
Kd2 Kf7 43. Bxe7 Kxe7 44. b4 Kd6 45. b5 Ne7 46. Nf2 Kc7 47. Ne4 Rg7 48. a4 Nd5
49. Rc4 e5 50. Rc5 Rd8 51. a5 Rg6 52. Rh1 Rg7 53. Rh6 Kc8 54. Nd6+ 1-0

[Event "French Top 12 2013"]
[Site "Haguenau FRA"]
[Date "2013.06.09"]
[Round "11.1"]
[White "Rapport, Richard"]
[Black "Landa, Konstantin"]
[Result "1/2-1/2"]
[WhiteTitle "GM"]
[BlackTitle "GM"]
[WhiteElo "2674"]
[BlackElo "2644"]
[WhiteTeam "Clichy-Echecs-92"]
[BlackTeam "Vandoeuvre-Echecs"]
[WhiteFideId "738590"]
[BlackFideId "4101685"]
[EventDate "2013.05.30"]

1. d4 Nf6 2. c4 e6 3. Nc3 d5 4. Bg5 Be7 5. e3 h6 6. Bxf6 Bxf6 7. Nf3 O-O 8. Rc1
c6 9. h4 c5 10. dxc5 Na6 11. cxd5 Nxc5 12. Qd2 Bxc3 13. Qxc3 Ne4 14. Qc7 exd5
15. Qxd8 Rxd8 16. Nd4 Bd7 17. Be2 Rac8 18. O-O Kf8 19. Rfd1 Ke7 20. g4 Rxc1 21.
Rxc1 Rc8 22. Rd1 Nd6 23. f3 Ba4 24. b3 Bd7 25. Kf2 a5 26. a4 g6 27. Bd3 Rc5 28.
Ke2 b5 29. axb5 Bxb5 30. Ra1 Bd7 31. Kd2 Ne8 32. Rg1 Nd6 33. Ra1 Ne8 34. Rg1 Nd6
35. Rh1 Rc8 36. Ra1 Rc5 37. Ne2 Kd8 38. Nf4 Kc7 39. Rb1 Kb6 40. b4 axb4 41.
Rxb4+ Kc7 42. Rd4 Bc6 43. Bxg6 fxg6 44. Ne6+ Kb6 45. Nxc5 Kxc5 46. Rf4 h5 47.
Ke2 Be8 48. Kf2 hxg4 49. fxg4 g5 50. hxg5 Ne4+ 51. Kg2 Nxg5 52. Rf5 Ne4 53. Rf8
Bd7 54. Kh3 Kc4 55. Kh4 Kd3 56. Rd8 Be6 57. g5 Kxe3 58. g6 d4 59. g7 d3 60. g8=Q
Bxg8 61. Rxg8 d2 62. Rd8 Nf2 63. Rxd2 Kxd2 1/2-1/2

[Event "French Top 12 2013"]
[Site "Haguenau FRA"]
[Date "2013.06.09"]
[Round "11.3"]
[White "Vachier-Lagrave, Maxime"]
[Black "Genzling, Alain"]
[Result "1-0"]
[WhiteTitle "GM"]
[BlackTitle "IM"]
[WhiteElo "2718"]
[BlackElo "2401"]
[WhiteTeam "Clichy-Echecs-92"]
[BlackTeam "Vandoeuvre-Echecs"]
[WhiteFideId "623539"]
[BlackFideId "632708"]
[EventDate "2013.05.30"]

1. e4 c5 2. Nf3 g6 3. c3 Bg7 4. d4 cxd4 5. cxd4 d5 6. e5 Bg4 7. Bb5+ Nc6 8.
Bxc6+ bxc6 9. Nbd2 f6 10. Qa4 Qb6 11. O-O Bd7 12. Re1 f5 13. e6 Bc8 14. Nb3 Nf6
15. Bg5 Ne4 16. Rac1 Qb5 17. Qxb5 cxb5 18. Rc7 O-O 19. Bxe7 Re8 20. Nc5 Nxc5 21.
dxc5 h6 22. Nh4 Bxb2 23. Nxf5 gxf5 24. Re3 Bc3 25. Rd7 Ba5 1-0

[Event "French Top 12 2013"]
[Site "Haguenau FRA"]
[Date "2013.06.09"]
[Round "11.4"]
[White "Brunner, Nicolas"]
[Black "Tregubov, Pavel V."]
[Result "1/2-1/2"]
[WhiteTitle "IM"]
[BlackTitle "GM"]
[WhiteElo "2412"]
[BlackElo "2611"]
[WhiteTeam "Vandoeuvre-Echecs"]
[BlackTeam "Clichy-Echecs-92"]
[WhiteFideId "620246"]
[BlackFideId "4115341"]
[EventDate "2013.05.30"]

1. d4 Nf6 2. c4 c5 3. d5 b5 4. cxb5 a6 5. bxa6 g6 6. Nc3 Bxa6 7. Nf3 d6 8. g3
Bg7 9. Bg2 Nbd7 10. Rb1 O-O 11. O-O Qa5 12. Bd2 Ng4 13. Qc2 Nge5 14. Nxe5 Nxe5
15. b3 Qa3 16. Bc1 Qa5 17. Bd2 Qa3 18. Bc1 Qa5 1/2-1/2

[Event "French Top 12 2013"]
[Site "Haguenau FRA"]
[Date "2013.06.09"]
[Round "11.5"]
[White "Pelletier, Yannick"]
[Black "Philippe, Christophe"]
[Result "1-0"]
[WhiteTitle "GM"]
[BlackTitle "IM"]
[WhiteElo "2599"]
[BlackElo "2372"]
[WhiteTeam "Clichy-Echecs-92"]
[BlackTeam "Vandoeuvre-Echecs"]
[WhiteFideId "1301837"]
[BlackFideId "610038"]
[EventDate "2013.05.30"]

1. Nf3 Nc6 2. d4 d5 3. Bf4 Bg4 4. e3 e6 5. Bb5 Bd6 6. Nbd2 Ne7 7. h3 Bh5 8. Bxd6
cxd6 9. c3 a6 10. Bd3 e5 11. Be2 O-O 12. Nxe5 Bxe2 13. Nxc6 Bxd1 14. Nxd8 Ba4
15. Nxb7 Rab8 16. b3 Rxb7 17. bxa4 Rc8 18. Ke2 Rxc3 19. Rhb1 Rxb1 20. Rxb1 f6
21. Rb6 a5 22. Rb5 Ra3 23. Rxa5 Rxa2 24. Ra6 Kf7 25. g4 g5 26. Kd3 Ke6 27. Ra7
h6 28. a5 Nc6 29. Rh7 Rxa5 30. Rxh6 Ra3+ 31. Ke2 Ra2 32. Rh7 Rb2 33. h4 gxh4 34.
f4 f5 35. Rh6+ Ke7 36. gxf5 Na5 37. Kd3 Ra2 38. Nf3 Nc4 39. f6+ Ke6 40. Ng5+ Kf5
41. e4+ Kg4 42. exd5 Nb6 43. f7 Ra3+ 44. Ke4 Ra8 45. Nh7 Nd7 46. Rg6+ Kh5 47.
Rg8 Ra7 48. Kf5 h3 49. Nf6+ 1-0

[Event "French Top 12 2013"]
[Site "Haguenau FRA"]
[Date "2013.06.09"]
[Round "11.6"]
[White "Iglesias, Joachim"]
[Black "Hamdouchi, Hicham"]
[Result "0-1"]
[BlackTitle "GM"]
[WhiteElo "2258"]
[BlackElo "2602"]
[WhiteTeam "Vandoeuvre-Echecs"]
[BlackTeam "Clichy-Echecs-92"]
[WhiteFideId "637823"]
[BlackFideId "9000011"]
[EventDate "2013.05.30"]

1. d4 Nf6 2. Nf3 g6 3. Nc3 d5 4. Bf4 c6 5. e3 Bg4 6. Be2 Nbd7 7. Ne5 Bxe2 8.
Qxe2 Bg7 9. O-O Nh5 10. Qd2 O-O 11. Rad1 e6 12. Nxd7 Qxd7 13. Ne2 Qe7 14. Nc1 c5
15. dxc5 Nxf4 16. exf4 Bxb2 17. Nd3 Bg7 18. Rb1 Rfc8 19. Rb5 b6 20. Rfb1 bxc5
21. g3 Qd6 22. Qe1 Rc6 23. Ne5 Rb6 24. Qa5 Ra6 25. Rb8+ Rxb8 26. Rxb8+ Qxb8 27.
Qxa6 Bxe5 28. fxe5 c4 29. a4 Qc7 30. f4 d4 31. Kf1 d3 32. Ke1 Qc5 33. cxd3 Qe3+
34. Kd1 cxd3 35. Qc8+ Kg7 36. Qc3 Qg1+ 0-1

[Event "French Top 12 2013"]
[Site "Haguenau FRA"]
[Date "2013.06.09"]
[Round "11.7"]
[White "Delorme, Axel"]
[Black "Guichard, Pauline"]
[Result "1/2-1/2"]
[WhiteTitle "IM"]
[BlackTitle "WGM"]
[WhiteElo "2471"]
[BlackElo "2351"]
[WhiteTeam "Clichy-Echecs-92"]
[BlackTeam "Vandoeuvre-Echecs"]
[WhiteFideId "632023"]
[BlackFideId "639370"]
[EventDate "2013.05.30"]

1. e4 e5 2. Nf3 Nc6 3. Nc3 Nf6 4. d4 exd4 5. Nxd4 Bb4 6. Nxc6 bxc6 7. Bd3 d5 8.
exd5 Qe7+ 9. Qe2 Qxe2+ 10. Kxe2 cxd5 11. Nb5 Ba5 12. Bf4 c6 13. b4 Bb6 14. Nd6+
Ke7 15. Nxc8+ Rhxc8 16. Rhe1 Rd8 17. Kf3+ Kf8 18. Rab1 h6 19. a4 g5 20. Be5 Ne4
21. Bxe4 dxe4+ 22. Rxe4 Rd2 23. Rc4 Re8 24. Re1 f6 25. a5 Bxf2 26. Bd6+ Rxd6 27.
Rxe8+ 1/2-1/2

[Event "French Top 12 2013"]
[Site "Haguenau FRA"]
[Date "2013.06.09"]
[Round "11.8"]
[White "Le Corre, Benjamin"]
[Black "Skripchenko, Almira"]
[Result "1-0"]
[WhiteTitle "FM"]
[BlackTitle "IM"]
[WhiteElo "2300"]
[BlackElo "2430"]
[WhiteTeam "Vandoeuvre-Echecs"]
[BlackTeam "Clichy-Echecs-92"]
[WhiteFideId "639605"]
[BlackFideId "13900145"]
[EventDate "2013.05.30"]

1. e4 d5 2. exd5 Qxd5 3. Nc3 Qa5 4. Rb1 c6 5. b4 Qd8 6. Bc4 Nf6 7. Nf3 e6 8. O-O
Nbd7 9. Re1 Nb6 10. Bb3 Nbd5 11. Ne4 Nxb4 12. Nxf6+ gxf6 13. Bb2 Nd5 14. c4 Nf4
15. Re4 Ng6 16. Nh4 Be7 17. Qf3 Nxh4 18. Rxh4 e5 19. c5 Be6 20. Bxe6 fxe6 21.
Qh5+ Kd7 22. d4 Qe8 23. Qd1 f5 24. d5 exd5 25. Rb4 b6 26. Qf3 Rf8 27. Rd1 Bxc5
28. Rxd5+ cxd5 29. Qxd5+ Bd6 30. Rh4 Qf7 31. Qb7+ Bc7 32. Bxe5 Rac8 33. Rd4+ Ke7
34. Bxc7 Qe6 35. h4 Ke8 36. Rd3 f4 37. Rd4 Qf5 38. Re4+ Kd7 39. Bxf4+ 1-0

[Event "French Top 12 2013"]
[Site "Haguenau FRA"]
[Date "2013.06.09"]
[Round "11.1"]
[White "Llanes Hurtado, Miguel"]
[Black "Swiercz, Dariusz"]
[Result "1/2-1/2"]
[WhiteTitle "GM"]
[BlackTitle "GM"]
[WhiteElo "2469"]
[BlackElo "2631"]
[WhiteTeam "Grasse Echecs"]
[BlackTeam "C.E. de Rueil Malmaison"]
[WhiteFideId "2206706"]
[BlackFideId "1126881"]
[EventDate "2013.05.30"]

1. d4 f5 2. g3 Nf6 3. Bg2 g6 4. c4 Bg7 5. Nf3 d6 6. O-O O-O 7. Nc3 c6 8. Rb1 Ne4
9. Qc2 Na6 10. Rd1 Nc7 11. b3 Nxc3 12. Qxc3 Qe8 13. Bb2 f4 14. e3 fxg3 15. fxg3
Bf5 16. Rbc1 Qd7 17. Qd2 Bh3 18. Rf1 Qg4 19. e4 Ne6 20. Bxh3 Qxh3 21. d5 Bxb2
22. Qxb2 Nc5 23. Qe2 Qg4 24. Rce1 Rf4 25. Nd2 Rxf1+ 26. Nxf1 Qxe2 27. Rxe2 Nd3
28. Re3 Ne5 29. Nd2 Rc8 30. Nf3 Nxf3+ 31. Rxf3 b5 32. dxc6 bxc4 33. Rc3 cxb3 34.
axb3 Kf7 35. Kf2 e5 36. b4 a6 37. c7 Ke6 38. Rc6 Kd7 39. Rxa6 Rxc7 40. Ra2 Rc4
41. Ke3 Rxb4 42. Ra7+ Kc6 43. Rxh7 Rb3+ 44. Kf2 Kc5 45. Rg7 Rb2+ 46. Kf3 Rxh2
47. Rxg6 Rd2 48. Rf6 Rd3+ 49. Kf2 d5 1/2-1/2

[Event "French Top 12 2013"]
[Site "Haguenau FRA"]
[Date "2013.06.09"]
[Round "11.3"]
[White "Szabo, Krisztian1"]
[Black "Renet, Olivier"]
[Result "1/2-1/2"]
[WhiteTitle "GM"]
[BlackTitle "GM"]
[WhiteElo "2545"]
[BlackElo "2469"]
[WhiteTeam "Grasse Echecs"]
[BlackTeam "C.E. de Rueil Malmaison"]
[WhiteFideId "722901"]
[BlackFideId "600040"]
[EventDate "2013.05.30"]

1. e4 c5 2. Nf3 e6 3. d4 cxd4 4. Nxd4 Nf6 5. Nc3 d6 6. Be3 Nc6 7. Qd2 Be7 8. Be2
O-O 9. O-O-O Bd7 10. f4 Nxd4 11. Qxd4 Bc6 12. g4 d5 13. e5 Nd7 14. Rhf1 Qc7 15.
Qd2 Rfc8 16. Bd4 Bc5 17. Bxc5 Nxc5 18. Kb1 b5 19. Qd4 1/2-1/2

[Event "French Top 12 2013"]
[Site "Haguenau FRA"]
[Date "2013.06.09"]
[Round "11.5"]
[White "Battaglini, Gabriel"]
[Black "Williams, Simon K"]
[Result "1-0"]
[WhiteTitle "IM"]
[BlackTitle "GM"]
[WhiteElo "2437"]
[BlackElo "2511"]
[WhiteTeam "Grasse Echecs"]
[BlackTeam "C.E. de Rueil Malmaison"]
[WhiteFideId "621650"]
[BlackFideId "404454"]
[EventDate "2013.05.30"]

1. d4 e6 2. e4 d5 3. Nc3 Bb4 4. a3 Bxc3+ 5. bxc3 dxe4 6. Qg4 Nf6 7. Qxg7 Rg8 8.
Qh6 Nbd7 9. a4 c5 10. Nh3 cxd4 11. cxd4 Qa5+ 12. Qd2 Qc7 13. Ra3 e5 14. Bb2 Nb6
15. dxe5 Nfd5 16. Qd4 e3 17. a5 Bxh3 18. axb6 Qxc2 19. Bb5+ Kf8 20. Rxe3 Qb1+
21. Kd2 Qxh1 22. e6 Rg5 23. Qh8+ Rg8 24. Ba3+ Ne7 25. Qf6 1-0

[Event "French Top 12 2013"]
[Site "Haguenau FRA"]
[Date "2013.06.09"]
[Round "11.6"]
[White "Debray, Christopher"]
[Black "Nanu, Costica-Ciprian"]
[Result "1/2-1/2"]
[WhiteTitle "IM"]
[BlackTitle "GM"]
[WhiteElo "2356"]
[BlackElo "2519"]
[WhiteTeam "C.E. de Rueil Malmaison"]
[BlackTeam "Grasse Echecs"]
[WhiteFideId "630810"]
[BlackFideId "1204580"]
[EventDate "2013.05.30"]

1. d4 Nf6 2. c4 e6 3. Nc3 Bb4 4. e3 O-O 5. Ne2 d5 6. a3 Bd6 7. c5 Be7 8. b4 b6
9. Nf4 c6 10. Be2 Nbd7 11. O-O e5 12. Nd3 Qc7 13. Bd2 Ne4 14. Nxe4 dxe4 15. cxb6
axb6 16. Nxe5 Nxe5 17. dxe5 Qxe5 18. Qc2 Bd6 19. g3 c5 20. Bc3 Qe7 21. Qb2 f6
22. bxc5 Bxc5 23. Bb4 Bxb4 24. Qxb4 Qxb4 25. axb4 Bh3 26. Bc4+ Kh8 27. Rfc1 f5
28. Rxa8 Rxa8 29. Bd5 Rd8 30. f3 exf3 31. Bxf3 g5 32. Rc6 Rd3 33. Rxb6 Rxe3 34.
Kf2 Rb3 35. b5 Kg7 36. Rb7+ Kg6 37. Rb6+ Kg7 38. Rb7+ Kg6 39. b6 Rb2+ 40. Ke3
Rb3+ 41. Kf2 Rb2+ 42. Ke3 Rb3+ 43. Kf2 1/2-1/2

[Event "French Top 12 2013"]
[Site "Haguenau FRA"]
[Date "2013.06.09"]
[Round "11.8"]
[White "Congiu, Mathilde"]
[Black "Forestier, Carole"]
[Result "0-1"]
[WhiteTitle "WIM"]
[WhiteElo "2230"]
[BlackElo "2104"]
[WhiteTeam "C.E. de Rueil Malmaison"]
[BlackTeam "Grasse Echecs"]
[WhiteFideId "634581"]
[BlackFideId "641405"]
[EventDate "2013.05.30"]

1. e4 e6 2. d4 d5 3. Nc3 Nf6 4. e5 Ne4 5. Nce2 f6 6. f3 Ng5 7. exf6 Qxf6 8. Bxg5
Qxg5 9. f4 Qf6 10. Nf3 c5 11. g3 Nc6 12. c3 Qf5 13. Bg2 Be7 14. O-O Bd7 15. Ne5
h5 16. b4 cxb4 17. cxb4 Bxb4 18. Rb1 Rb8 19. Nxd7 Kxd7 20. Qa4 Bd2 21. Rb3 h4
22. Rd1 Ba5 23. Re3 hxg3 24. hxg3 g5 25. fxg5 Qxg5 26. Nf4 Bc7 27. Rf3 b5 28.
Qc2 Nxd4 29. Rxd4 Bb6 30. Ne2 e5 31. Qb3 exd4 32. Qxb5+ Kd6 33. Qd3 Rbe8 34.
Qa3+ Kd7 35. Qa4+ Kd8 36. Nxd4 Re1+ 37. Bf1 Qd2 38. Rf2 Bxd4 0-1

[Event "French Top 12 2013"]
[Site "Haguenau FRA"]
[Date "2013.06.09"]
[Round "11.2"]
[White "Bedouin, Xavier"]
[Black "Istratescu, Andrei"]
[Result "0-1"]
[WhiteTitle "IM"]
[BlackTitle "GM"]
[WhiteElo "2387"]
[BlackElo "2651"]
[WhiteTeam "Migne Echecs"]
[BlackTeam "Marseille Echecs"]
[WhiteFideId "617040"]
[BlackFideId "1200372"]
[EventDate "2013.05.30"]

1. e4 e5 2. Nf3 Nc6 3. Bb5 a6 4. Bxc6 dxc6 5. O-O Qf6 6. d4 exd4 7. Bg5 Qd6 8.
Nxd4 Be7 9. Bxe7 Nxe7 10. Nc3 O-O 11. Nb3 Be6 12. Qe2 Ng6 13. Rad1 Qe7 14. f4
Rfd8 15. f5 Bxb3 16. fxg6 Qc5+ 17. Qf2 Qxf2+ 18. Rxf2 Rxd1+ 19. Nxd1 Rd8 20. Nc3
Be6 21. gxf7+ Bxf7 22. Kf1 Kf8 23. Ke2 Ke7 24. Ke3 a5 25. a3 Rd6 26. Rd2 Rh6 27.
g3 Rf6 28. Rf2 Rd6 29. Rf5 b6 30. h4 h6 31. Rf1 Bh5 32. Rg1 Bg4 33. Rf1 Rg6 34.
Rf4 Bd7 35. Kf2 Rd6 36. Ke3 Bc8 37. Rf2 Rg6 38. Ne2 c5 39. Rg2 Rd6 40. Rg1 b5
41. h5 Bg4 42. Nf4 c6 43. e5 Rd8 44. Rf1 b4 45. Ra1 Ra8 46. b3 a4 47. axb4 axb3
48. Rc1 b2 49. Rb1 Ra3+ 50. Kf2 cxb4 51. Rxb2 c5 52. Nd3 Rc3 53. Nf4 Kd7 54. Ra2
Ra3 55. Rb2 Bf5 56. Nd5 Ke6 57. Ne3 Be4 58. Rb1 Bxc2 59. Rc1 Rxe3 60. Kxe3 b3 0-1

[Event "French Top 12 2013"]
[Site "Haguenau FRA"]
[Date "2013.06.09"]
[Round "11.4"]
[White "Picard, Romain"]
[Black "Delchev, Aleksander"]
[Result "0-1"]
[WhiteTitle "IM"]
[BlackTitle "GM"]
[WhiteElo "2342"]
[BlackElo "2622"]
[WhiteTeam "Migne Echecs"]
[BlackTeam "Marseille Echecs"]
[WhiteFideId "627216"]
[BlackFideId "2900394"]
[EventDate "2013.05.30"]

1. e4 e5 2. Nf3 Nc6 3. Bc4 Bc5 4. c3 Nf6 5. d3 O-O 6. O-O d5 7. exd5 Nxd5 8.
Nbd2 Bg4 9. h3 Bh5 10. Ne4 Be7 11. Bb3 Nb6 12. Re1 Bg6 13. Bc2 h6 14. b4 a6 15.
Bb2 Re8 16. a3 Bf8 17. Rb1 Nd5 18. a4 b5 19. Ra1 Rb8 20. axb5 axb5 21. Ra6 Qd7
22. Ng3 Rbd8 23. Ne4 Bh7 24. Qe2 Nf4 25. Qf1 Re6 26. Re3 Nd5 27. Re1 Nd4 28.
cxd4 Rxa6 29. Nxe5 Qc8 30. Bb3 Bxb4 31. Rc1 Qb7 32. Qe2 Bf5 33. Qh5 Be6 34. Qf3
c6 35. Qg3 Kh8 36. Rf1 f6 37. Ng6+ Kh7 38. Nh4 Qf7 39. f4 f5 40. Nc5 Bxc5 41.
dxc5 Nc7 42. Bxe6 Nxe6 43. Re1 Ra2 44. Rxe6 Rxb2 45. Rxc6 Rd2 46. Nf3 R8xd3 47.
Rb6 Rb3 48. c6 Rb1+ 49. Kh2 Rdd1 50. Qh4 Rh1+ 51. Kg3 Rb3 52. c7 Qxc7 53. Re6
Qf7 54. Rb6 Rf1 55. Qd8 b4 56. Ra6 Rbxf3+ 57. gxf3 Rxf3+ 58. Kxf3 Qb7+ 59. Kg3
Qxa6 60. Qd7 Qg6+ 0-1

[Event "French Top 12 2013"]
[Site "Haguenau FRA"]
[Date "2013.06.09"]
[Round "11.5"]
[White "Maze, Sebastien"]
[Black "Picard, Clement"]
[Result "1-0"]
[WhiteTitle "GM"]
[WhiteElo "2543"]
[BlackElo "2170"]
[WhiteTeam "Marseille Echecs"]
[BlackTeam "Migne Echecs"]
[WhiteFideId "613762"]
[BlackFideId "615455"]
[EventDate "2013.05.30"]

1. Nf3 Nf6 2. c4 e6 3. b3 d5 4. Bb2 b6 5. g3 Bb7 6. Bg2 Be7 7. O-O O-O 8. Qc2 c5
9. cxd5 Bxd5 10. Nc3 Bb7 11. Rfd1 Nbd7 12. e4 Rc8 13. d4 cxd4 14. Nxd4 Qc7 15.
Rac1 Qb8 16. Qe2 Qa8 17. f4 Rfd8 18. e5 Ne8 19. Bxb7 Qxb7 20. Qg2 Qxg2+ 21. Kxg2
Nb8 22. Ne4 a6 23. Kf3 Rc7 24. Ke2 Rdc8 25. a4 Rxc1 26. Rxc1 Rxc1 27. Bxc1 Nc7
28. Kd3 Kf8 29. Kc4 Ke8 30. b4 Kd7 31. b5 axb5+ 32. axb5 Nd5 33. f5 Bd8 34. Nd6 1-0

[Event "French Top 12 2013"]
[Site "Haguenau FRA"]
[Date "2013.06.09"]
[Round "11.6"]
[White "Fougerit, Valentin"]
[Black "Miton, Kamil"]
[Result "0-1"]
[BlackTitle "GM"]
[WhiteElo "2209"]
[BlackElo "2624"]
[WhiteTeam "Migne Echecs"]
[BlackTeam "Marseille Echecs"]
[WhiteFideId "634670"]
[BlackFideId "1111914"]
[EventDate "2013.05.30"]

1. e4 c5 2. c3 d5 3. exd5 Qxd5 4. d4 Nf6 5. Nf3 Nc6 6. Be2 e6 7. O-O cxd4 8.
cxd4 Be7 9. Nc3 Qd6 10. Be3 O-O 11. Qd2 Rd8 12. Rad1 Nd5 13. Bc4 Nxc3 14. bxc3
b6 15. Bf4 Qa3 16. Qd3 Bb7 17. Bc1 Qd6 18. Rfe1 Na5 19. Bb5 Rac8 20. Ba4 Qd5 21.
Bc2 g6 22. Bb1 Qc4 23. Qe3 Qxd4 24. cxd4 Bd6 25. Rd3 Bb4 26. Red1 Rd5 0-1

[Event "French Top 12 2013"]
[Site "Haguenau FRA"]
[Date "2013.06.09"]
[Round "11.7"]
[White "Collas, Didier"]
[Black "Robert, Frederic"]
[Result "1/2-1/2"]
[WhiteTitle "IM"]
[WhiteElo "2394"]
[BlackElo "2120"]
[WhiteTeam "Marseille Echecs"]
[BlackTeam "Migne Echecs"]
[WhiteFideId "602680"]
[BlackFideId "634077"]
[EventDate "2013.05.30"]

1. d4 e6 2. Nf3 f5 3. g3 Nf6 4. Bg2 Be7 5. O-O O-O 6. c4 d6 7. Nc3 Qe8 8. Re1
Qg6 9. e4 Nxe4 10. Nxe4 fxe4 11. Rxe4 Nd7 12. Qe2 Nb6 13. b3 Bf6 14. Bb2 Bd7 15.
Re1 a5 16. Bh3 a4 17. Bc3 axb3 18. axb3 Ra3 19. Qb2 Rfa8 20. Bxe6+ Bxe6 21. Rxe6
Ra2 22. Qb1 Qc2 23. Qxc2 Rxc2 24. R1e3 Kf7 25. Bb4 Raa2 26. Be1 Rab2 27. g4 h6
28. h4 g5 29. hxg5 hxg5 30. Kg2 Nd7 31. Kg3 Rb1 32. Bd2 Rbb2 33. Be1 Rb1 34. Bd2
Rbb2 35. Be1 Rb1 1/2-1/2

[Event "French Top 12 2013"]
[Site "Haguenau FRA"]
[Date "2013.06.09"]
[Round "11.8"]
[White "Le Bail, Clara"]
[Black "Bacrot, Nathalie"]
[Result "0-1"]
[WhiteElo "1969"]
[BlackElo "2090"]
[WhiteTeam "Migne Echecs"]
[BlackTeam "Marseille Echecs"]
[WhiteFideId "648167"]
[BlackFideId "621870"]
[EventDate "2013.05.30"]

1. e4 g6 2. d4 Bg7 3. Nf3 d6 4. Bd3 Nd7 5. O-O e6 6. c3 Ne7 7. Re1 O-O 8. Nbd2
b6 9. a4 a6 10. Nc4 Bb7 11. h3 h6 12. Qe2 e5 13. dxe5 dxe5 14. Bc2 Nc6 15. Ne3
Nc5 16. Rd1 Qc8 17. Nd5 Kh7 18. Nh4 Ne6 19. Qf3 Na5 20. Nf6+ Kh8 21. Nd7 Ng5 22.
Bxg5 hxg5 23. Nxf8 Qxf8 24. Rd7 Kg8 25. Rad1 gxh4 26. Rxc7 Bc8 27. Qe3 Be6 28.
Qg5 Nc4 29. b3 Na3 30. Bd3 Bxb3 31. Ra1 Qd6 32. Qe7 Qxd3 33. Rxa3 Be6 34. Qxh4
Qd6 35. Qe7 Qxe7 36. Rxe7 Bf8 37. Rxe6 fxe6 38. Rb3 Bc5 39. Kf1 Kf7 40. Ke2 Rd8
41. Rb2 Ke7 0-1